000 02317cam a22004934i 4500
003 PE-LiUPU
005 20250731173315.0
008 150616s1957 ag a r 000 0 spa d
035 _a(Sirsi) a3748
040 _aPE-LiUPU
_bspa
_cPE-LiUPU
_erda
049 _aPRUA
082 0 4 _a291.3
_bCh15
_221
100 1 _aChaij, Fernando,
_eautor.
245 1 0 _aBreve compendio sobre las iglesias cristianas occidentales /
_cFernando Chaij.
264 1 _aBuenos Aires :
_bAsociación Casa Editora Sudamericana,
_c1957.
300 _a50 páginas :
_bilustraciones ;
_c27 centímetros
336 _atext
_2rdacontent
337 _aunmediated
_2rdamedia
338 _avolume
_2rdacarrier
500 _aEdición mimeografiada.
505 0 _aLuteranismo -- Presbiterianos -- Iglesia de Inglaterra o Anglicana -- Iglesia episcopal -- El metodismo -- Iglesia bautista -- Los cuáqueros -- Congregacionalistas ingleses y americanos -- El unitarismo -- Los discípulos de Cristo -- La alianza evangélica -- Los moravos -- Los testigos de Jehová -- Losmormones -- Organización de la ciencia cristiana -- Pentecostales o asambleas de Dios -- Ejército de salvación -- Hermanos libres.
526 _aSEG42
526 _aSEG41
526 _aSEG40
526 _aSEG39
526 _aP94
526 _aP87
526 _aP86
526 _aP85
526 _aP77
526 _aP76
526 _aP35
650 0 4 _aReligiones.
910 _ajck
_bjvq
_cjck
942 _2ddc
_cBOOK
949 _a291.3 Ch15
_wDEWEY
_c1
_i30622
_lCCODEBUL1
_mBUL
_p40.00
_r0
_sY
_tBOOK
_u19841209
_xTEOLOGIA
_zUNKNOWN
_0COMPRA
_o.STAFF. Colección Teología
949 _a291.3 Ch15
_wDEWEY
_c2
_i23301
_lCCODEBUL1
_mBUL
_p40.00
_r0
_sY
_tBOOK
_u19841209
_xTEOLOGIA
_zUNKNOWN
_0COMPRA
_o.STAFF. Colección Teología
994 _aC0
_bPEPRU
596 _a1
999 _a291.3 CH15
_wDEWEY
_c45666
_i30622
_d45666
_e2019-9-3
_f2021-11-12
_g5
_lCCODEBUL1
_mBUL
_n1
_p20.00
_q2
_r0
_sY
_tBOOK
_u2015-6-16
_xTEOLOGIA
_PP35
_0COMPRA
_o.STAFF. Colección Teología
999 _a291.3 CH15
_wDEWEY
_c2
_i23301
_d2019-9-30
_e2019-9-26
_f2019-12-11
_g4
_lDISCARD
_mBUL
_n4
_p40.00
_q1
_r1
_sY
_tBOOK
_u2015-6-16
_xTEOLOGIA
_PP35
_0COMPRA
_o.STAFF. Colección Teología
980 _81
_gALBERTO SANCHEZ Responsable de Automatización